01349nam a2200337 a 450000100060000000300080000600500170001400800410003102000150007202000220008703500190010904000270012804100080015508200260016324501280018926000470031730000250036450000230038950400300041260000400044265000560048265000410053865000380057965000380061765100380065570000370069394200120073099900170074295201310075995201210089018246BD-RjUL20211209000246.0140220s1982 nju b 000 0 eng  a0133633586 a0133633411 (pbk.) a(BD-RjUL)18304 aDLCcDLCdBD-RjULbeng aeng00a813.52219bTWE 198204aTwentieth century interpretations of the grapes of wrath :b a collection of critical essays /cedited by Robert Con Davis. aEnglewood Cliffs :bPrentice-Hall,cc1982. aix, 157 p. :c21 cm. a"A Spectrum book." aBibliography: p. 154-157.10aSteinbeck, John,d1902-1968.956180 0aMigrant agricultural laborers in literature.955690 0aRural families in literature.955691 0aLabor camps in literature.955692 0aDepressions in literature.955693 0aCaliforniaxIn literature.9556941 aDavis, Robert Con,d1948-955695 2ddccBK c18246d18246 00102ddc40708FICaRUCLbRUCLcStackd1985-08-11eZeittingerl0o813.52 TWE 1982r2014-02-20 00:00:00tC-4w2021-12-09yBK 00102ddc40718FICaRUCLbRUCLcReadingd1985-08-11l0o813.52 TWE 1982r2024-05-28 00:00:00tC-1w2024-05-28yBK